Rasy psów - Statystyki

Ogólne statystyki
  • Ten quiz został rozwiązany 2 507 razy
  • Średni wynik to 10 z 14
Statystyki odpowiedzi
Obrazkowy Odpowiedź % Poprawnych
owczarek niemiecki
99%
dalmatyńczyk
90%
jamnik
90%
husky syberyjski
89%
buldog angielski
83%
mops
82%
pudel
82%
doberman
78%
maltańczyk
77%
border collie
59%
shiba
56%
chihuahua
52%
szpic mniaturowy
34%
owczarek australijski
21%
Nie znaleziono quizów pasujących do podanych kryteriów
Rozkład punktacji
Procent ludzi z każdym wynikiem
Percentyl według liczby udzielonych odpowiedzi
Twoja historia wyników
Nie rozwiązałeś tego quizu